|
|
|
|
| LEADER |
01840nam a2200385 a 4500 |
| 001 |
14860787 |
| 008 |
100511s2005 ii l 000 0 eng d |
| 010 |
|
|
|a 2007393418
|
| 020 |
|
|
|a 8187162678
|
| 040 |
|
|
|a DLC
|c DLC
|d BD-DhAAL
|
| 082 |
0 |
0 |
|a 346.7302
|2 22
|
| 100 |
1 |
|
|a Pollock, Frederick,
|c Sir,
|d 1845-1937.
|
| 245 |
1 |
0 |
|a Indian contract & specific relief acts /
|c Pollock & Mulla.
|
| 246 |
3 |
|
|a Indian contract and specific relief acts
|
| 250 |
|
|
|a 12th ed. /
|b edited by Nilima Bhadbhade
|
| 260 |
|
|
|a New Delhi :
|b LexisNexis Butterworths,
|c 2005.
|
| 300 |
|
|
|a xlviii,1334 p. ;
|c 24 cm.
|
| 362 |
0 |
|
|a vol. 1
|
| 504 |
|
|
|a Includes bibliographical rferences.
|
| 541 |
1 |
|
|e 00015182
|
| 650 |
|
0 |
|a Contracts
|z India.
|
| 650 |
|
0 |
|a Equitable remedies
|z India.
|
| 610 |
1 |
0 |
|a India.
|t Specific Relief Act, 1963.
|
| 610 |
1 |
0 |
|a India.
|t Indian Contract Act, 1872.
|
| 700 |
1 |
|
|a Mulla, Dinshah Fardunji,
|c Sir,
|d 1868-1934.
|
| 700 |
1 |
|
|a Bhadbhade,Nilima
|
| 710 |
1 |
|
|a India.
|t Indian Contract Act, 1872.
|
| 710 |
1 |
|
|a India.
|t Specific Relief Act, 1963.
|
| 852 |
4 |
|
|a Ayesha Abed Library
|j General shelf
|
| 942 |
0 |
0 |
|0 1
|
| 999 |
|
|
|c 8519
|d 8519
|
| 952 |
|
|
|0 0
|1 0
|2 ddc
|4 0
|6 346_730200000000000_POL_2005
|7 0
|9 10049
|a BRACUL
|b BRACUL
|c GEN
|d 2010-05-11
|l 10
|m 38
|o 346.7302 POL
|p 3010015182
|r 2020-03-13
|s 2020-03-13
|t 1
|w 2010-05-11
|y BK
|
| 952 |
|
|
|0 0
|1 0
|2 ddc
|4 0
|6 346_730200000000000_POL_2005
|7 0
|9 10288
|a BRACUL
|b BRACUL
|c GEN
|d 2010-05-17
|l 3
|m 6
|o 346.7302 POL
|p 3010015246
|r 2019-12-12
|s 2019-12-12
|t 2
|w 2010-05-17
|y BK
|
| 952 |
|
|
|0 0
|1 0
|2 ddc
|4 0
|6 346_730200000000000_POL_2005
|7 0
|9 16084
|a BRACUL
|b BRACUL
|c GEN
|d 2011-04-16
|l 7
|m 30
|o 346.7302 POL
|p 3010015184
|r 2023-12-28
|s 2023-10-25
|t 3
|w 2011-04-16
|y BK
|
| 952 |
|
|
|0 0
|1 0
|2 ddc
|4 0
|6 346_730200000000000_POL_2005
|7 0
|9 16085
|a BRACUL
|b BRACUL
|c GEN
|d 2011-04-16
|l 2
|o 346.7302 POL
|p 3010015183
|r 2019-12-18
|s 2019-12-10
|t 4
|w 2011-04-16
|y BK
|